Responses for Show #1089 - Thursday, May 4, 1989

Bruce Cox game 5.

Contestants

[<< previous game]

Jackie Welles, an assistant professor from Elmira, New York

Bill Schuler, a systems administrator from San Francisco, California

Bruce Cox, an analyst from Lakeside, California (whose 4-day cash winnings total $44,900)

[next game >>]

Jeopardy! Round responses

"L" WORDS
THE '30s
DANCE
CONNECTICUT
BIRDS
BEES
    $100 1
library

Bruce
    $100 7
swastika

Bill
    $100 23
Saturday Night Fever

Bruce
    $100 17
Yale

Bill
    $100 6
flamingo

Bruce
    $100 13
(Alex: Bill, remember to phrase it in the form of a question; you won't get any prompts in Double Jeopardy!)

to produce young, to fertilize eggs

Bill
    $200 2
leprechauns

Bruce
    $200 8
the movies

Jackie
    $200 24
the Bristol Stomp

Jackie
    $200 18
Long Island

Jackie
    $200 9
peacock

Jackie
    $200 19
worker bees

Bruce
    $300 3
licorice

Bruce
    $300 14
(Bruce: What is God's Little Acre?)

"Tobacco Road"

BruceBill
    $300 26
(Jackie: What is the Locomotion?)

the Freddie

BruceJackie
    $300 20
P.T. Barnum

Bill
    $300 10
his belly can

Jackie
    $300 25
smoke

Bruce
    $400 4
light

Bruce
    $400 15
(Bill: What is the trumpet?)

trombone

Bill
Triple Stumper
    $400 27
[The end-of-round signal sounds.]

Juliet Prowse

Bruce
    $400 21
(Alex: We've got a minute to go.)

Hartford

Bill
    $500 11
(Jackie: What is the flicker family?)
(Alex: Jackie, your response of the flicker, it is a member of the woodpecker family, but does not constitute a family in & of itself.)

woodpecker

Jackie
    $500 5
(Bill: What is lime?)

loden

BillJackie
    $500 16
Hoover (Boulder) Dam

Bruce
    $500 22
nutmeg

Bill
    $500 12
purple martins

Jackie

Scores at the first commercial break (after clue 11):

Bruce Bill Jackie
$1,100 -$400 $700

Scores at the end of the Jeopardy! Round:

Bruce Bill Jackie
$2,600 $900 $1,300

Double Jeopardy! Round responses

COUNTRIES OF THE WORLD
BEST SELLERS
CLOTHING
ECONOMICS
THE BIBLE
PIONEER LIFE
    $200 7
San Marino

Bill
    $200 4
Shirley Temple

Bruce
    $200 13
jeans

Bill
    $200 8
the Common Market

Bill
    $200 19
the Cumberland Gap

Bruce
    $400 6
Canada

Bill
    $400 5
George Burns

Bill
    $400 14
(Bill: What is a rebiza?)
...
(Alex: Jackie, remember to ring in or your response will not count.)

rebozo

BillJackie
    $2,000 9
money

Bill
    $400 21
(Alex: We've got less than a minute left in the round.)

Wells Fargo

Jackie
    $600 3
(Jackie: What is Mauritania?)
(Bill: What is the Magalasy Republic?)
...
(Alex: Mauritius, the Seychelles, and the Comoros are the others.)

Madagascar

BruceBillJackie
    $600 17
eyes

Jackie
    $600 15
linen

Bill
    $600 10
(Alex: We know it better as "Truth in Lending".)

Consumer Credit Protection Act

Triple Stumper
    $600 22
(Jackie: What is a spider?)
(Alex: [Before Final Jeopardy!] Jackie's response was acceptable, hence the change in scores.)

dutch oven

Jackie
    $1,000 2
the Philippine Islands

Bill
    $800 20
Kindergarten

Jackie
    $800 16
(Bill: What is a sand brown belt?)

epaulet

BruceBill
    $800 11
(Bill: What is the General Agreement on...)
(Alex: You were on the right track, but couldn't come up with the last two words.)

General Agreement on Tariffs & Trade)

Bill
Triple Stumper
    $800 23
sod

Bruce
    $1000 1
(Jackie: What is India?)

Afghanistan

BillJackie
    $1000 24
depression

Bruce
    $1000 18
jodhpurs

Bill
    $1000 12
(Alex: "The Wealth of Nations".)

Adam Smith

Bill
    $1000 25
[The end-of-round signal sounds.]

Illinois

Bill

Scores at the end of the Double Jeopardy! Round:

Bruce Bill Jackie
$6,200 $7,300 $2,500

[wagering suggestions for these scores]

Final Jeopardy! Round responses

THE ACADEMY AWARDS
(Alex: We've had some trouble with the readouts the past few weeks, so Bill wrote his response on the card and [Showing it to the camera] he wrote the correct response.)
JackieWho is Glenda Jackson
$2,499
BruceWho is Kate Hepburn?
$6,200
BillWho is Hepburn?
$5,101
Katharine Hepburn (The Lion in Winter)

Final scores:

Bruce Bill Jackie
$12,400 $12,401 $1
2nd place: OKI Telecom cellular mobile telephone & Jasons binoculars New champion: $12,401 3rd place: Smith Corona PWP 40 word processor

Game dynamics:

Coryat scores:

Bruce Bill Jackie
$6,200 $5,500 $3,000
17 R,
1 W
19 R
(including 2 DDs),
6 W
12 R,
4 W
(including 1 DD)

Combined Coryat: $14,700

[game clues] [game scores] [suggest correction]

Game tape date: 1989-01-30
The J! Archive is created by fans, for fans. Scraping, republication, monetization, and malicious use prohibited; this site may use cookies and collect identifying information. See terms. The Jeopardy! game show and all elements thereof, including but not limited to copyright and trademark thereto, are the property of Jeopardy Productions, Inc. and are protected under law. This website is not affiliated with, sponsored by, or operated by Jeopardy Productions, Inc. Join the discussion at JBoard.tv.